Electronic journalism : (Record no. 132861)

MARC details
000 -LEADER
fixed length control field 00747nam a22002297a 4500
005 - DATE AND TIME OF LATEST TRANSACTION
control field 20170124110200.0
010 ## - LIBRARY OF CONGRESS CONTROL NUMBER
LC control number B-222333
020 ## - INTERNATIONAL STANDARD BOOK NUMBER
International Standard Book Number 9788172733032
Terms of availability 350.00
035 ## - SYSTEM CONTROL NUMBER
System control number B-222333
037 ## - SOURCE OF ACQUISITION
Source of stock number/acquisition Cen Lib/Ret
040 ## - CATALOGING SOURCE
Original cataloging agency DPL
Language of cataloging EN
082 ## - DEWEY DECIMAL CLASSIFICATION NUMBER
Classification number 070.0285
Edition number SEN
100 ## - MAIN ENTRY--PERSONAL NAME
Personal name Sengupta, Aditya
9 (RLIN) 35963
245 ## - TITLE STATEMENT
Title Electronic journalism :
Statement of responsibility, etc by Aditya Sengupta
Remainder of title principles and practices /
260 ## - PUBLICATION, DISTRIBUTION, ETC. (IMPRINT)
Place of publication, distribution, etc Delhi
Name of publisher, distributor, etc Authors Press
Date of publication, distribution, etc 2006
270 ## - ADDRESS
Address E-35/103, Jawahar Park Laxmi Nagar
City Delhi
Postal code 110092
300 ## - PHYSICAL DESCRIPTION
Extent 168p.
Dimensions 22cm(Hb)
500 ## - GENERAL NOTE
General note Includes bibliographical reference and index
650 ## - SUBJECT ADDED ENTRY--TOPICAL TERM
Topical term or geographic name as entry element Television broadcasting of news
9 (RLIN) 35964
650 ## - SUBJECT ADDED ENTRY--TOPICAL TERM
Topical term or geographic name as entry element Radio journalism
9 (RLIN) 35965
942 ## - ADDED ENTRY ELEMENTS (KOHA)
Source of classification or shelving scheme Dewey Decimal Classification
Koha item type English Books
Classification part 070.0285
Call number suffix SEN
Holdings
Withdrawn status Lost status Damaged status Not for loan Home library Current library Date acquired Source of acquisition Cost, normal purchase price Total Checkouts Total Renewals Full call number Barcode Date last seen Date checked out Copy number Cost, replacement price Price effective from Koha item type
        Central Library Central Library 23/07/2015 Cen Lib/Ret 350.00 3 3 070.0285 B-222333 19/07/2022 27/06/2022 1 350.00 23/07/2015 English Books

© Delhi Public Library
Hit Counter
free hit counter